[Event "IECG QA.2004.0.00054"]
[Site "IECG email"]
[Date "2004.07.11"]
[Round "?"]
[White "Di Tolla, Francesco"]
[Black "Zeihen, Pascal"]
[Result "0-1"]
[WhiteElo "2126"]
[BlackElo "2117"]
[PlyCount "38"]
[EventDate "2004.07.11"]
[EventType "tourn (corr)"]
[EventRounds "6"]
[SourceTitle "Corr 2008"]
[Source "ChessBase"]
[SourceDate "2008.06.24"]
[SourceVersion "1"]
[SourceVersionDate "2008.06.24"]
[SourceQuality "1"]

1. c4 e5 2. Nc3 Nf6 3. Nf3 Nc6 4. a3 d6 5. d4 exd4 6. Nxd4 Nxd4 7. Qxd4 Be7 8. e4 0-0 9. Be2 Nd7 10. 0-0 Nc5 11. Qe3 Nb3 12. Rb1 Re8 13. Nd5 Nxc1 14. Rbxc1 Bh4 15. Qd3 c6 16. Ne3 Qe7 17. Bf3 Qe5 18. c5 dxc5 19. Rxc5 Qxc5 0-1

[Event "IECG WC.2003.F.00005 email"]
[Site "IECG email"]
[Date "2003.12.20"]
[Round "?"]
[White "Di Tolla, Francesco"]
[Black "Markus, Roland"]
[Result "1/2-1/2"]
[WhiteElo "2042"]
[BlackElo "2110"]
[PlyCount "54"]
[EventDate "2003.12.20"]
[EventType "tourn (corr)"]
[EventRounds "14"]
[SourceTitle "Corr 2008"]
[Source "ChessBase"]
[SourceDate "2008.06.24"]
[SourceVersion "1"]
[SourceVersionDate "2008.06.24"]
[SourceQuality "1"]

1. c4 b6 2. Nc3 e6 3. a3 Bb7 4. d4 f5 5. d5 Nf6 6. g3 Na6 7. Bg2 Nc5 8. Nh3 Bd6 9. Qc2 Be5 10. Nf4 0-0 11. 0-0 Qe7 12. Be3 Nce4 13. Nxe4 Nxe4 14. Rad1 Bd6 15. b4 a5 16. dxe6 axb4 17. axb4 dxe6 18. c5 bxc5 19. bxc5 Bxf4 20. Bxf4 Bd5 21. Ra1 Rfd8 22. Be5 Nxc5 23. Rxa8 Bxa8 24. Bxa8 Rxa8 25. Rc1 Ra5 26. Qc3 Rb5 27. Ra1 Ne4 1/2-1/2

[Event "IECG WC.2003.F.00005 email"]
[Site "IECG email"]
[Date "2003.12.20"]
[Round "?"]
[White "Di Tolla, Francesco"]
[Black "Tavecchia, Mario"]
[Result "1/2-1/2"]
[WhiteElo "2042"]
[BlackElo "2047"]
[PlyCount "38"]
[EventDate "2003.12.20"]
[EventType "tourn (corr)"]
[EventRounds "14"]
[SourceTitle "Corr 2008"]
[Source "ChessBase"]
[SourceDate "2008.06.24"]
[SourceVersion "1"]
[SourceVersionDate "2008.06.24"]
[SourceQuality "1"]

1. c4 Nf6 2. Nf3 e6 3. g3 a6 4. Bg2 b5 5. Ne5 c6 6. cxb5 axb5 7. d4 Be7 8. 0-0 0-0 9. Qc2 Bb7 10. Nd2 Qb6 11. Nef3 d6 12. b4 Rc8 13. Bb2 Na6 14. Qb3 Nc7 15. Rac1 c5 16. bxc5 dxc5 17. dxc5 Bxc5 18. Ng5 Bxg2 19. Kxg2 Bd4 1/2-1/2

[Event "IECG WC.2003.F.00005 email"]
[Site "IECG email"]
[Date "2003.12.20"]
[Round "?"]
[White "Peto, Peter"]
[Black "Di Tolla, Francesco"]
[Result "0-1"]
[WhiteElo "2071"]
[BlackElo "2042"]
[PlyCount "48"]
[EventDate "2003.12.20"]
[EventType "tourn (corr)"]
[EventRounds "14"]
[SourceTitle "Corr 2008"]
[Source "ChessBase"]
[SourceDate "2008.06.24"]
[SourceVersion "1"]
[SourceVersionDate "2008.06.24"]
[SourceQuality "1"]

1. d4 Nf6 2. c4 e6 3. Nc3 Bb4 4. e3 b6 5. Nf3 Ne4 6. Qc2 Bb7 7. Bd3 Bxc3+ 8. bxc3 f5 9. 0-0 0-0 10. a4 d6 11. Nd2 Qh4 12. f3 Nxd2 13. Bxd2 Nc6 14. e4 f4 15. Be1 Qh5 16. Qe2 e5 17. Bf2 Rf6 18. c5 Rh6 19. h4 dxc5 20. dxc5 g5 21. cxb6 axb6 22. Bc4+ Kh8 23. Rfd1 gxh4 24. Rd7 Qg5 0-1

[Event "IECG CP.2003.P.00043 email"]
[Site "IECG email"]
[Date "2003.10.01"]
[Round "?"]
[White "Kurpnieks, Vairis"]
[Black "Di Tolla, Francesco"]
[Result "0-1"]
[WhiteElo "1752"]
[BlackElo "2042"]
[PlyCount "92"]
[EventDate "2003.10.01"]
[EventType "tourn (corr)"]
[EventRounds "6"]
[EventCountry "PER"]
[SourceTitle "Corr 2008"]
[Source "ChessBase"]
[SourceDate "2008.06.24"]
[SourceVersion "1"]
[SourceVersionDate "2008.06.24"]
[SourceQuality "1"]

1. e4 e5 2. Nf3 Nc6 3. Bc4 Bc5 4. b4 Bxb4 5. c3 Ba5 6. d4 d6 7. Qb3 Qd7 8. dxe5 Bb6 9. Nbd2 Na5 10. Qc2 Nxc4 11. Nxc4 d5 12. exd5 Qxd5 13. Qa4+ Bd7 14. Nxb6 cxb6 15. Qd4 Bc6 16. 0-0 0-0-0 17. Re1 Qe6 18. Qf4 Ne7 19. Nd4 Qg6 20. f3 Nd5 21. Qd2 Nc7 22. Qb2 Rhe8 23. a4 Rd5 24. Bf4 Ne6 25. Bg3 Nxd4 26. cxd4 Qe6 27. Rec1 g5 28. Qc3 Qd7 29. a5 bxa5 30. Ra4 Rd8 31. Bf2 g4 32. Rc4 gxf3 33. Qxf3 Kb8 34. Qe3 Rg8 35. Bg3 Ka8 36. Qc3 h5 37. Qe3 Rb5 38. R4c2 Qg4 39. Qf2 Rb4 40. Bf4 h4 41. Rd2 Bd5 42. Rdc2 b6 43. Rd2 Rb3 44. Qf1 Rf3 45. Qb5 Bb7 46. Bh6 h3 0-1

[Event "IECG CA.2002.0.00037 email"]
[Site "IECG email"]
[Date "2002.02.13"]
[Round "?"]
[White "Di Tolla, Francesco"]
[Black "Knoeppel, Bjoern"]
[Result "1/2-1/2"]
[WhiteElo "2020"]
[BlackElo "2057"]
[PlyCount "63"]
[EventDate "2002.02.13"]
[EventType "tourn (corr)"]
[EventRounds "6"]
[SourceTitle "Corr 2008"]
[Source "ChessBase"]
[SourceDate "2008.06.24"]
[SourceVersion "1"]
[SourceVersionDate "2008.06.24"]
[SourceQuality "1"]

1. d4 d5 2. c4 e5 3. cxd5 Qxd5 4. dxe5 Qxd1+ 5. Kxd1 Nc6 6. f4 f6 7. Nc3 Be6 8. e4 0-0-0+ 9. Kc2 fxe5 10. fxe5 Bc5 11. Nf3 Nge7 12. Bg5 h6 13. Bxe7 Nxe7 14. Be2 g5 15. Rad1 Ng6 16. Rxd8+ Rxd8 17. Rd1 Rxd1 18. Kxd1 g4 19. Nd2 Nxe5 20. Nf1 c6 21. Kc2 Kd7 22. b3 b5 23. Nd1 a5 24. Nde3 Ke7 25. Nf5+ Bxf5 26. exf5 Kf6 27. Ng3 Bg1 28. h3 gxh3 29. gxh3 Bh2 30. Ne4+ Kxf5 31. Nd6+ Kf4 32. a4 1/2-1/2

[Event "IECG CA.2002.0.00037 email"]
[Site "IECG email"]
[Date "2002.02.13"]
[Round "?"]
[White "Werbrouck, Jean Michel"]
[Black "Di Tolla, Francesco"]
[Result "0-1"]
[WhiteElo "2000"]
[BlackElo "2020"]
[PlyCount "58"]
[EventDate "2002.02.13"]
[EventType "tourn (corr)"]
[EventRounds "6"]
[SourceTitle "Corr 2008"]
[Source "ChessBase"]
[SourceDate "2008.06.24"]
[SourceVersion "1"]
[SourceVersionDate "2008.06.24"]
[SourceQuality "1"]

1. e4 c5 2. Nf3 Nc6 3. d4 cxd4 4. Nxd4 e6 5. Nc3 a6 6. Nxc6 bxc6 7. Bd3 d5 8. 0-0 Nf6 9. Qe2 Be7 10. e5 Nd7 11. f4 Nc5 12. a3 Nxd3 13. Qxd3 a5 14. Qg3 g6 15. Na4 Ba6 16. Rf3 Be2 17. Re3 Bb5 18. b3 Bxa4 19. bxa4 Bc5 20. Rb1 Rb8 21. Rxb8 Qxb8 22. Qe1 Qb6 23. Kf1 Bxe3 24. Bxe3 c5 25. Qe2 Kd7 26. Qb5+ Qxb5+ 27. axb5 d4 28. Bf2 a4 29. Ke2 Rb8 0-1

[Event "IECG CB.2001.0.00020 email"]
[Site "IECG email"]
[Date "2001.11.22"]
[Round "?"]
[White "Billsborough, Jim"]
[Black "Di Tolla, Francesco"]
[Result "1/2-1/2"]
[WhiteElo "1800"]
[BlackElo "1977"]
[PlyCount "61"]
[EventDate "2001.11.22"]
[EventType "tourn (corr)"]
[EventRounds "6"]
[SourceTitle "Corr 2008"]
[Source "ChessBase"]
[SourceDate "2008.06.24"]
[SourceVersion "1"]
[SourceVersionDate "2008.06.24"]
[SourceQuality "1"]

1. c4 c5 2. Nf3 Nf6 3. d4 cxd4 4. Nxd4 e6 5. Nc3 Bb4 6. Ndb5 d5 7. Bg5 a6 8. Qa4 Nc6 9. cxd5 exd5 10. Bxf6 gxf6 11. Nd4 Qb6 12. 0-0-0 Be6 13. e3 Rc8 14. Bd3 0-0 15. Qc2 Bxc3 16. Bxh7+ Kh8 17. bxc3 Nb4 18. Qb2 Rxc3+ 19. Kd2 Rfc8 20. Bb1 Qa5 21. Nb3 Qc7 22. Rc1 d4 23. Nxd4 Nxa2 24. Bxa2 Rxc1 25. Rxc1 Qa5+ 26. Kd3 Rxc1 27. Qxc1 Qxa2 28. Nxe6 Qb3+ 29. Qc3 Qxc3+ 30. Kxc3 fxe6 31. e4 1/2-1/2

[Event "IECG CB.2001.0.00020 email"]
[Site "IECG email"]
[Date "2001.11.22"]
[Round "?"]
[White "Di Tolla, Francesco"]
[Black "Marin, Jose"]
[Result "1/2-1/2"]
[WhiteElo "1977"]
[BlackElo "1895"]
[PlyCount "85"]
[EventDate "2001.11.22"]
[EventType "tourn (corr)"]
[EventRounds "6"]
[SourceTitle "Corr 2008"]
[Source "ChessBase"]
[SourceDate "2008.06.24"]
[SourceVersion "1"]
[SourceVersionDate "2008.06.24"]
[SourceQuality "1"]

1. f4 d5 2. b3 Nf6 3. Bb2 g6 4. Nf3 Bg7 5. g3 0-0 6. Bg2 Bf5 7. 0-0 c5 8. e3 Nc6 9. d3 Ng4 10. Bxg7 Kxg7 11. Re1 d4 12. e4 Bd7 13. Qd2 f6 14. a4 e5 15. Na3 exf4 16. gxf4 Be6 17. Nc4 Bxc4 18. bxc4 Qc7 19. Rab1 Rab8 20. Rb5 b6 21. Rbb1 Ne3 22. Rxe3 dxe3 23. Qxe3 Qd7 24. Ra1 Rfe8 25. h3 Rbd8 26. Kh2 Nb4 27. Qc1 Rb8 28. Qd2 Re7 29. Kh1 Rd8 30. Qc3 Rde8 31. Kh2 Qd6 32. Qd2 Rd8 33. Qc1 Qc7 34. Kh1 Nc6 35. Qe3 Qd7 36. Kh2 Ree8 37. Kh1 Kg8 38. Kh2 Nb4 39. Qc1 Rb8 40. Kh1 Nc6 41. Kh2 Re7 42. Kh1 Kg7 43. Kh2 1/2-1/2

[Event "IECG WC.2004.P.00008 email"]
[Site "IECG email"]
[Date "2001.01.22"]
[Round "?"]
[White "Di Tolla, Francesco"]
[Black "Sorcinelli, Andrea"]
[Result "1/2-1/2"]
[WhiteElo "1659"]
[BlackElo "1816"]
[PlyCount "103"]
[EventDate "2001.01.22"]
[EventType "tourn (corr)"]
[EventRounds "8"]
[SourceTitle "Corr 2008"]
[Source "ChessBase"]
[SourceDate "2008.06.24"]
[SourceVersion "1"]
[SourceVersionDate "2008.06.24"]
[SourceQuality "1"]

1. c4 c6 2. Nf3 d5 3. e3 Nf6 4. Nc3 e6 5. b3 Nbd7 6. Bb2 e5 7. cxd5 cxd5 8. Rc1 Bd6 9. Nb5 Bb8 10. Ba3 a6 11. Nd6+ Bxd6 12. Bxd6 e4 13. Nd4 Nb8 14. Bb4 Bd7 15. Be2 Nc6 16. Nxc6 Bxc6 17. 0-0 a5 18. Ba3 Qd7 19. d3 a4 20. dxe4 axb3 21. Qxb3 Nxe4 22. Qb2 f5 23. Bh5+ Kd8 24. Rfd1 Nf6 25. Qb6+ Qc7 26. Be7+ Kd7 27. Qxc7+ Kxc7 28. Bxf6 gxf6 29. Rxd5 Rxa2 30. Rxf5 Rha8 31. h3 R8a5 32. Bf7 Rxf5 33. Bxa2 Ra5 34. Bb3 h6 35. f3 Ra3 36. Rb1 Kd6 37. Kf2 Ke5 38. Ke2 b5 39. Kd2 Kd6 40. Kc3 Kc5 41. Rd1 Ra7 42. Rd4 Re7 43. Rd3 b4+ 44. Kb2 f5 45. Kc1 h5 46. h4 Bb7 47. Kd1 Bc6 48. Ke1 Be8 49. Kd2 Bf7 50. Kc2 Bxb3+ 51. Kxb3 Ra7 52. Kb2 1/2-1/2

[Event "IECG WC.2004.P.00008 email"]
[Site "IECG email"]
[Date "2001.01.22"]
[Round "?"]
[White "Dijksman, Leo"]
[Black "Di Tolla, Francesco"]
[Result "1/2-1/2"]
[WhiteElo "2130"]
[BlackElo "1659"]
[PlyCount "60"]
[EventDate "2001.01.22"]
[EventType "tourn (corr)"]
[EventRounds "8"]
[SourceTitle "Corr 2008"]
[Source "ChessBase"]
[SourceDate "2008.06.24"]
[SourceVersion "1"]
[SourceVersionDate "2008.06.24"]
[SourceQuality "1"]

1. d4 Nf6 2. c4 e6 3. Nc3 Bb4 4. Qc2 0-0 5. a3 Bxc3+ 6. Qxc3 b6 7. Bg5 Bb7 8. f3 d5 9. e3 Re8 10. Nh3 Nbd7 11. Nf2 h6 12. Bh4 e5 13. dxe5 Nxe5 14. Rd1 c6 15. Be2 Ba6 16. cxd5 Bxe2 17. Bxf6 Qxf6 18. Kxe2 cxd5 19. Rxd5 Rac8 20. Ne4 Qe6 21. Qb3 Qg6 22. g3 Nxf3 23. Nd6 Ne5 24. Nxc8 Qg4+ 25. Ke1 Rxc8 26. Rxe5 Qf3 27. Qd5 Rc1+ 28. Kd2 Qxd5+ 29. Rxd5 Rxh1 30. h4 Kf8 1/2-1/2

[Event "IECG L1.2000.0.00015 email"]
[Site "IECG email"]
[Date "2000.07.19"]
[Round "?"]
[White "Di Tolla, Francesco"]
[Black "Fages, Jorge Juan"]
[Result "1/2-1/2"]
[WhiteElo "1933"]
[BlackElo "1924"]
[PlyCount "107"]
[EventDate "2000.07.19"]
[EventType "tourn (corr)"]
[EventRounds "15"]
[SourceTitle "Corr 2008"]
[Source "ChessBase"]
[SourceDate "2008.06.24"]
[SourceVersion "1"]
[SourceVersionDate "2008.06.24"]
[SourceQuality "1"]

1. d4 d5 2. c4 c6 3. Nf3 Nf6 4. Nc3 dxc4 5. a4 Bf5 6. e3 e6 7. Bxc4 Bb4 8. 0-0 Nbd7 9. Nh4 Bg6 10. f4 0-0 11. Nxg6 hxg6 12. Qf3 Rc8 13. Na2 Be7 14. Rd1 Nb6 15. Bb3 a5 16. e4 Na8 17. Bc4 Nb6 18. Bb3 c5 19. Be3 Qc7 20. Nc3 cxd4 21. Nb5 Qb8 22. Bxd4 Bc5 23. e5 Nfd7 24. Qh3 Bb4 25. Bxe6 fxe6 26. Qxe6+ Rf7 27. Qa2 Nc5 28. Nd6 Qc7 29. Nxc8 Qxc8 30. Rac1 Kf8 31. Qb1 Nd5 32. e6 Rf5 33. g4 Rxf4 34. Qxg6 Qxe6 35. Bxg7+ Ke7 36. Qg5+ Kf7 37. Qxd5 Rxg4+ 38. Kh1 Qxd5+ 39. Rxd5 Kxg7 40. Rdxc5 Bxc5 41. Rxc5 Rxa4 42. Rc7+ Kf6 43. Rxb7 Kg5 44. Rb3 Rd4 45. Kg2 a4 46. Rf3 Kg4 47. Rg3+ Kf4 48. Rf3+ Kg4 49. Rf2 Rd3 50. Rc2 Rb3 51. h3+ Kh4 52. Rc4+ Kh5 53. Rxa4 Rxb2+ 54. Kg3 1/2-1/2

[Event "IECG L1.2000.0.00015 email"]
[Site "IECG email"]
[Date "2000.07.19"]
[Round "?"]
[White "Di Tolla, Francesco"]
[Black "Pinasco, Damian"]
[Result "1/2-1/2"]
[WhiteElo "1933"]
[BlackElo "1944"]
[PlyCount "125"]
[EventDate "2000.07.19"]
[EventType "tourn (corr)"]
[EventRounds "15"]
[SourceTitle "Corr 2008"]
[Source "ChessBase"]
[SourceDate "2008.06.24"]
[SourceVersion "1"]
[SourceVersionDate "2008.06.24"]
[SourceQuality "1"]

1. d4 e6 2. c4 f5 3. g3 Nf6 4. Bg2 Be7 5. Nf3 0-0 6. 0-0 d6 7. Nc3 Qe8 8. b3 Qh5 9. Ba3 g5 10. Nd2 Ng4 11. h3 Nh6 12. e4 g4 13. e5 Nc6 14. Nb5 dxe5 15. Bxe7 Nxe7 16. Nxc7 Rb8 17. dxe5 a6 18. Re1 Qf7 19. Nf1 f4 20. Qd4 f3 21. Bh1 gxh3 22. Qb6 Bd7 23. Nd5 Nxd5 24. cxd5 Nf5 25. d6 Bc6 26. Rad1 Kh8 27. Kh2 Rg8 28. Ne3 Nxg3 29. fxg3 f2 30. Rf1 Bxh1 31. Ng4 Qg7 32. Qxf2 Qxg4 33. Kxh1 Qe4+ 34. Kh2 Rbf8 35. Qd2 Qxe5 36. Qe1 Qxe1 37. Rfxe1 Rg6 38. Rd2 Rd8 39. Kxh3 Kg8 40. Re5 Rd7 41. g4 Kf7 42. Kg3 Kf6 43. Rh5 e5 44. Rd5 b5 45. Rdxe5 Kg7 46. Re7+ Rxe7 47. dxe7 Re6 48. g5 b4 49. Rh6 Rxe7 50. Rxa6 Re4 51. Rc6 Re2 52. Rc4 Kg6 53. Rxb4 Rxa2 54. Rb5 Rd2 55. Kf3 Rd4 56. Ke3 Rg4 57. b4 Kf7 58. Kd3 Ke6 59. Kc3 Kd6 60. Rc5 Rh4 61. Rf5 Kc6 62. Kb3 h6 63. Rf6+ 1/2-1/2

[Event "IECG L1.2000.0.00015 email"]
[Site "IECG email"]
[Date "2000.07.19"]
[Round "?"]
[White "Navarro Segura, Roberto"]
[Black "Di Tolla, Francesco"]
[Result "1/2-1/2"]
[WhiteElo "1815"]
[BlackElo "1933"]
[PlyCount "60"]
[EventDate "2000.07.19"]
[EventType "tourn (corr)"]
[EventRounds "15"]
[SourceTitle "Corr 2008"]
[Source "ChessBase"]
[SourceDate "2008.06.24"]
[SourceVersion "1"]
[SourceVersionDate "2008.06.24"]
[SourceQuality "1"]

1. e4 c5 2. Nf3 d6 3. d4 cxd4 4. Nxd4 Nf6 5. Nc3 a6 6. Bg5 e6 7. f4 Be7 8. Qf3 Qc7 9. 0-0-0 Nbd7 10. Bd3 h6 11. Bh4 g5 12. fxg5 Ne5 13. Qf4 Ng6 14. Qd2 Ng4 15. Qe2 N4e5 16. Bg3 hxg5 17. h3 b5 18. Qf2 b4 19. Nce2 Nxd3+ 20. Rxd3 Bb7 21. Rf1 Rf8 22. Qf3 Qc4 23. b3 Qc5 24. Kb1 Ne5 25. Bxe5 Qxe5 26. Ng3 0-0-0 27. Qf2 Kb8 28. Nf3 Qa5 29. Nd4 Qe5 30. Nf3 Qa5 1/2-1/2

[Event "IECG L1.2000.0.00015 email"]
[Site "IECG email"]
[Date "2000.07.19"]
[Round "?"]
[White "Sarobe, Raul"]
[Black "Di Tolla, Francesco"]
[Result "1/2-1/2"]
[WhiteElo "2168"]
[BlackElo "1933"]
[PlyCount "66"]
[EventDate "2000.07.19"]
[EventType "tourn (corr)"]
[EventRounds "15"]
[SourceTitle "Corr 2008"]
[Source "ChessBase"]
[SourceDate "2008.06.24"]
[SourceVersion "1"]
[SourceVersionDate "2008.06.24"]
[SourceQuality "1"]

1. e4 c6 2. d4 d5 3. e5 Bf5 4. Nf3 e6 5. Be2 c5 6. 0-0 Nc6 7. c3 cxd4 8. cxd4 Nge7 9. Nc3 Nc8 10. Bg5 Be7 11. Bxe7 Qxe7 12. Bb5 Qd7 13. Bxc6 Qxc6 14. Rc1 0-0 15. Na4 Qd7 16. Nc5 Qe7 17. Qd2 Nb6 18. b3 Rfc8 19. Qa5 Nd7 20. Nxb7 Nxe5 21. dxe5 Qxb7 22. Nd4 Bd3 23. Rfd1 Rxc1 24. Rxc1 Rc8 25. Rxc8+ Qxc8 26. Nc6 Kh8 27. b4 a6 28. a4 g6 29. b5 axb5 30. axb5 Kg7 31. f4 d4 32. Qb4 Qb7 33. Kf2 Qxb5 1/2-1/2

[Event "IECG L1.2000.0.00015 email"]
[Site "IECG email"]
[Date "2000.07.19"]
[Round "?"]
[White "Vujadinovic, Milan"]
[Black "Di Tolla, Francesco"]
[Result "1/2-1/2"]
[WhiteElo "2071"]
[BlackElo "1933"]
[PlyCount "77"]
[EventDate "2000.07.19"]
[EventType "tourn (corr)"]
[EventRounds "15"]
[SourceTitle "Corr 2008"]
[Source "ChessBase"]
[SourceDate "2008.06.24"]
[SourceVersion "1"]
[SourceVersionDate "2008.06.24"]
[SourceQuality "1"]

1. d4 Nf6 2. c4 e6 3. Nc3 Bb4 4. e3 0-0 5. Bd3 d5 6. Nf3 c5 7. 0-0 Nc6 8. a3 Bxc3 9. bxc3 Qc7 10. cxd5 exd5 11. Nh4 Ne7 12. g3 Bh3 13. Re1 Ng6 14. Ng2 Qd7 15. f3 cxd4 16. cxd4 Bf5 17. Bf1 Rfc8 18. g4 Bc2 19. Qd2 Bb3 20. Bd3 Rc7 21. Bb2 Bc4 22. Bf5 Qd8 23. Rac1 Ne7 24. Bb1 a5 25. e4 b5 26. e5 Nd7 27. e6 fxe6 28. Nf4 Nf8 29. Nxe6 Nxe6 30. Rxe6 Rc6 31. Qe3 Rxe6 32. Qxe6+ Kh8 33. Re1 Ng8 34. Bc3 Qf8 35. Qf5 Qxf5 36. Bxf5 g6 37. Bc2 Kg7 38. h4 Kf7 39. Kf2 1/2-1/2

[Event "IECG L1.1999.0.00005 email"]
[Site "IECG email"]
[Date "1999.09.06"]
[Round "?"]
[White "Fages, Jorge Juan"]
[Black "Di Tolla, Francesco"]
[Result "1/2-1/2"]
[WhiteElo "1806"]
[BlackElo "1967"]
[PlyCount "115"]
[EventDate "1999.09.06"]
[EventType "tourn (corr)"]
[EventRounds "14"]
[SourceTitle "Corr 2008"]
[Source "ChessBase"]
[SourceDate "2008.06.24"]
[SourceVersion "1"]
[SourceVersionDate "2008.06.24"]
[SourceQuality "1"]

1. e4 c6 2. d4 d5 3. Nc3 dxe4 4. Nxe4 Nd7 5. Bc4 Ngf6 6. Ng5 e6 7. Qe2 Nb6 8. Bb3 h6 9. N5f3 c5 10. Bf4 Nbd5 11. Be5 Qa5+ 12. Nd2 b5 13. dxc5 Bxc5 14. a4 Bb7 15. Ngf3 a6 16. 0-0 Qb6 17. axb5 axb5 18. Rxa8+ Bxa8 19. c4 bxc4 20. Ba4+ Ke7 21. Nxc4 Qb4 22. Ra1 Rd8 23. Bc2 Bc6 24. Nfd2 Kf8 25. Nb3 Be7 26. Ra7 Nd7 27. Bg3 Bb5 28. Nbd2 Qxb2 29. Nxb2 Bxe2 30. Bd3 Bxd3 31. Nxd3 Nc5 32. Ne5 Nc3 33. Rxe7 Ne2+ 34. Kf1 Nxg3+ 35. hxg3 Kxe7 36. Nc6+ Kd7 37. Nxd8 Kxd8 38. Ke2 Ke7 39. Ke3 f5 40. Kd4 Nd7 41. Nc4 Nf6 42. Nb2 Ng4 43. f3 Nf6 44. Ke5 Nd7+ 45. Kd4 Kf6 46. Nc4 g5 47. Ne3 Nf8 48. Nc4 Ng6 49. Nb6 h5 50. Nd7+ Ke7 51. Nc5 h4 52. gxh4 Nxh4 53. Ke5 Ng6+ 54. Kd4 Kd6 55. Nb7+ Kc6 56. Nd8+ Kd7 57. Nf7 Nh4 58. Nxg5 1/2-1/2

[Event "IECG L1.1999.0.00005 email"]
[Site "IECG email"]
[Date "1999.09.06"]
[Round "?"]
[White "Kulvietis, Marijus"]
[Black "Di Tolla, Francesco"]
[Result "1-0"]
[WhiteElo "1991"]
[BlackElo "1967"]
[PlyCount "89"]
[EventDate "1999.09.06"]
[EventType "tourn (corr)"]
[EventRounds "14"]
[SourceTitle "Corr 2008"]
[Source "ChessBase"]
[SourceDate "2008.06.24"]
[SourceVersion "1"]
[SourceVersionDate "2008.06.24"]
[SourceQuality "1"]

1. d4 Nf6 2. c4 e6 3. Nc3 Bb4 4. Qc2 0-0 5. Bg5 c5 6. dxc5 h6 7. Bh4 Na6 8. e3 Nxc5 9. Nge2 Nce4 10. a3 Qa5 11. f3 Nxc3 12. Nxc3 Bxc3+ 13. Qxc3 Qxc3+ 14. bxc3 d6 15. Bxf6 gxf6 16. Rd1 Rd8 17. c5 d5 18. c4 Rd7 19. cxd5 Rxd5 20. Rxd5 exd5 21. Bb5 Be6 22. Kd2 Rc8 23. Rc1 Kf8 24. Kd3 Ke7 25. Kd4 Rc7 26. a4 a5 27. Bd3 Bd7 28. Rb1 Bxa4 29. Ra1 Bc6 30. Rxa5 Rc8 31. g4 Re8 32. Ra7 Rd8 33. h4 Rc8 34. Bf5 Rd8 35. h5 Rb8 36. Bc2 Rg8 37. Ba4 Bxa4 38. Rxa4 f5 39. gxf5 Rg5 40. e4 dxe4 41. fxe4 Rg1 42. Rb4 Rd1+ 43. Ke3 Rd7 44. e5 Kf8 45. Ke4 1-0